00562nam a2200205Ia 4500003000500000005001700005008004100022020002900063040000900092082001500101100002200116245001700138250001900155260004400174300002200218490007500240500001600315521001100331546001400342322820220825095944.0210825s9999 xx 000 0 und d a9781919971643qHardcover c3228 aJ 920 PLAA a VAN WYK, Chris  0aSol Plaatje  aEerste uitgawe aGallo manorbAwareness publishingc2010 a42 pagesc20.5 cm aLeer Afrika se geskiedenis vryheidsvegtersvSol Plaatjex9781919971537 aIllustarsie aJunior aAfrikaans